000 00501nam a2200181Ia 4500
008 090124s9999 xx 000 0 und d
082 _b123551
100 _aसडेकर रामचंद्र
245 _a सौभाग्य
250 _a1
260 _c1989
300 _a401
600 _aसडेकर रामचंद्र
630 _a सौभाग्य
700 _aसडेकर रामचंद्र
730 _a सौभाग्य
942 _cBOOK
999 _c169637
_d169637